000
00251nam a22001097a 4500
999
_c
65095
_d
65092
082
_a
297.207
_a
MOH
100
_a
Mohammad Amin
245
_a
MOHAMMAD AND TEACHINGS OF QURAN
260
_a
LAHORE
_b
ASHRAF PRESS LAHORE
_c
1973
300
_a
135
942
_c
BK